<?xml version="1.0" encoding="UTF-8"?>
<collection xmlns="http://www.loc.gov/MARC21/slim">
 <record>
  <leader>00918nam a22001937a 4500</leader>
  <controlfield tag="001">NCT_151749</controlfield>
  <controlfield tag="008">230609b        xxu||||| |||| 00| 0 vie d</controlfield>
  <datafield tag="999" ind1=" " ind2=" ">
   <subfield code="c">7849</subfield>
   <subfield code="d">7849</subfield>
  </datafield>
  <datafield tag="020" ind1=" " ind2=" ">
   <subfield code="a">0877799024</subfield>
   <subfield code="c">145.50</subfield>
  </datafield>
  <datafield tag="082" ind1="0" ind2="4">
   <subfield code="2">23rd ed.</subfield>
   <subfield code="a">423.12</subfield>
   <subfield code="b">W385</subfield>
  </datafield>
  <datafield tag="100" ind1="1" ind2=" ">
   <subfield code="a">Webster, A Merriam</subfield>
  </datafield>
  <datafield tag="245" ind1="1" ind2="0">
   <subfield code="a">The merriam-webster thesaurus</subfield>
   <subfield code="b">: The words you need today</subfield>
   <subfield code="c">A Merriam Webster</subfield>
  </datafield>
  <datafield tag="260" ind1=" " ind2=" ">
   <subfield code="a">Springfield, Massachusetts</subfield>
   <subfield code="b">Merriam-Webster</subfield>
   <subfield code="c">1989</subfield>
  </datafield>
  <datafield tag="300" ind1=" " ind2=" ">
   <subfield code="a">648 p.</subfield>
   <subfield code="c">17cm</subfield>
  </datafield>
  <datafield tag="520" ind1="3" ind2=" ">
   <subfield code="a">The book contains more than 150,000 words, including related words, antonyms and near antonyms. Words are arranged in alphabetical order for ease of use, this book is great for home, school or work</subfield>
  </datafield>
  <datafield tag="653" ind1=" " ind2=" ">
   <subfield code="a">Cơ bản</subfield>
  </datafield>
  <datafield tag="942" ind1=" " ind2=" ">
   <subfield code="2">ddc</subfield>
   <subfield code="c">BK</subfield>
  </datafield>
  <datafield tag="952" ind1=" " ind2=" ">
   <subfield code="0">0</subfield>
   <subfield code="1">0</subfield>
   <subfield code="2">ddc</subfield>
   <subfield code="4">0</subfield>
   <subfield code="6">423_120000000000000_W385</subfield>
   <subfield code="7">0</subfield>
   <subfield code="9">27844</subfield>
   <subfield code="a">000001</subfield>
   <subfield code="b">000001</subfield>
   <subfield code="d">2023-06-09</subfield>
   <subfield code="o">423.12 W385</subfield>
   <subfield code="p">MD.21883</subfield>
   <subfield code="r">2023-06-09</subfield>
   <subfield code="v">145.50</subfield>
   <subfield code="w">2023-06-09</subfield>
   <subfield code="y">BK</subfield>
  </datafield>
  <datafield tag="980" ind1=" " ind2=" ">
   <subfield code="a">Thư viện Trường Đại học Nam Cần Thơ</subfield>
  </datafield>
 </record>
</collection>
